Every MSM Monster - Statistics

General Stats
  • This quiz has been taken 185 times
    22 since last reset
  • The average score is 89 of 224
Answer Stats
Element Monster % Correct
Fire Kayna
100%
Plant Potbelly
100%
Bone Clackula
93%
Earth Noggin
93%
Water Toe Jammer
93%
Air Tweedle
93%
Faerie Floot Fly
86%
Earth/Water Fwog
86%
Cold Mammott
86%
Air/Water Quibble
86%
Air/Plant Dandidoo
79%
Earth/Cold Drumpler
79%
Light Fluoress
79%
Plant/Cold Furcorn
79%
Water/Cold Maw
79%
Plant/Earth Shrubb
79%
Psychic Theremind
79%
Plant/Fire Flowah
71%
Dipster La
71%
Air/Cold Pango
71%
Cold/Fire Boskus
64%
Air/Earth Cybop
64%
Dipster Do
64%
Dipster Fa
64%
Plasma Ghazt
64%
Mythical G'Joob
64%
Dipster Mi
64%
Plant/Water Oaktopus
64%
Spooktacle Punkleton
64%
Dipster Re
64%
Dipster Sol
64%
Dipster Ti
64%
Earth/Water/Cold T-Rox
64%
Mythical Yawstrich
64%
Plant/Earth/Water/Cold Entbrat
57%
Air/Fire Glowl
57%
Plant/Light Gob
57%
Poison Humbug
57%
Werdo Parlsona
57%
Water/Fire Phangler
57%
Air/Plant/Earth/Cold Quarrister
57%
Air/Earth/Water/Cold Riff
57%
Shugafam Shugabush
57%
Earth/Fire Stogg
57%
Mythical Strombonin
57%
Werdo Tawkerr
57%
Plasma/Mech/Poison Auglur
50%
Plasma/Shadow/Mech/Crystal/Poison BeMeebEth
50%
Plasma/Shadow/Poison Blarret
50%
Plant/Water/Cold Bowgart
50%
Electricity Brump
50%
Mythical Buzzinga
50%
Air/Plant/Water/Cold Deedge
50%
Shadow Grumpyre
50%
SummerSong Hoola
50%
Mythical Hyehehe
50%
Crystal Jeeode
50%
Werdo Maggpi
50%
Plasma/Shadow/Crystal Meebkin
50%
Mech Reebro
50%
Air/Plant/Earth/Water Shellbeat
50%
Plasma/Shadow Whisp
50%
Electricity Wubbox
50%
Mythical Anglow
43%
Air/Plant/Fire Barrb
43%
Egg-Stravaganza Blabbit
43%
Plant/Psychic Bonkers
43%
Air/Plant/Earth/Water/Fire Candelavra
43%
Mythical Cherubble
43%
Plant/Earth/Cold Clamble
43%
Shadow/Mech/Crystal/Poison Oogiddy
43%
Plasma/Shadow/Crystal/Poison Pentumbra
43%
Air/Earth/Cold PomPom
43%
Plant/Earth/Water Pummel
43%
Air/Plant/Earth Reedling
43%
Plasma/Mech/Crystal/Poison Rhysmuth
43%
Air/Earth/Water Scups
43%
Shugafam Shugabass
43%
Shugafam Shugavox
43%
Shugafam Shugitar
43%
Air/Plant/Water Spunge
43%
Air/Plant/Earth/Fire Tring
43%
Plasma/Shadow/Mech/Poison Vhenshun
43%
Plasma/Shadow/Mech/Crystal Whaill
43%
SkyPainting Whiz-Bang
43%
Festival of Yay Yool
43%
Plasma/Shadow/Mech Yooreek
43%
Electricity Zynth
43%
Plant/Cold/Fire/Light Blow't
36%
Air/Plant/Water/Cold/Fire Bowhead
36%
Psychic/Faerie Déjà-Jin
36%
Water/Bone Denchuhs
36%
Cloverspell Ffidyll
36%
Plasma/Mech/Crystal Gaddzooks
36%
Celestial Galvana
36%
Plant/Earth/Water/Cold/Fire Gnarls
36%
Feast-Ember Gobbleygourd
36%
Earth/Faerie HippityHop
36%
Primordial Lowb
36%
Life-Formula Monculus
36%
Shadow/Mech/Crystal Nitebear
36%
Shadow/Mech/Poison Piplash
36%
Earth/Cold/Fire/Faerie Pladdie
36%
Plant/Fire/Psychic Rooba
36%
Plant/Water/Fire Rootitoot
36%
Season of Love Schmoochle
36%
Shugafam Shugajo
36%
Air/Water/Cold/Fire Sneyser
36%
Perplexplore Spurrit
36%
Earth/Water/Fire Thrumble
36%
Air/Plant/Cold Thumpies
36%
Earth/Water/Cold/Fire Tiawa
36%
Electricity Whajje
36%
Fire/Faerie Wimmzies
36%
Shadow/Crystal/Poison X'rt
36%
Fire/Psychic Yuggler
36%
Ruin Arcorina
29%
Celestial Attmoz
29%
Water/Fire/Bone Banjaw
29%
Mech/Crystal Bellowfish
29%
Air/Plant/Water/Fire Bisonorus
29%
Dreamythical Bleatnik
29%
Electricity Blipsqueak
29%
Primordial Bogle
29%
MindBoggle Boo'qwurm
29%
Earth/Fire/Faerie Bridg-It
29%
Cold/Light Bulbo
29%
Crescendo Moon Carillong
29%
Beat Hereafter Clavavera
29%
Air/Water/Cold Congle
29%
Dreamythical Cranchee
29%
Electricity Creepuscule
29%
Mech/Poison Dragong
29%
Air/Plant/Earth/Cold/Fire Drummidary
29%
Electricity Dwumrohl
29%
Plant/Earth/Water/Fire Edamimi
29%
Psychic/Bone/Light/Faerie Enchantling
29%
Plasma/Crystal/Poison Flasque
29%
Electricity Fleechwurm
29%
Air/Earth/Fire Floogull
29%
Air/Earth/Water/Fire Flum Ox
29%
Crystal/Poison Fung Pray
29%
Celestial Furnoss
29%
Psychic/Bone/Light G'day
29%
Plant/Water/Fire/Psychic Gloptic
29%
Fire/Bone Hawlo
29%
Celestial Hornacle
29%
Plant/Water/Cold/Fire Incisaur
29%
Anniversary Month Jam Boree
29%
Air/Plant/Earth/Water/Cold Mimic
29%
Bone/Light/Faerie Mushaboom
29%
Plasma/Mech Nebulob
29%
Bone/Faerie Osstax
29%
Electricity Pixolotl
29%
Earth/Water/Fire/Bone Plinkajou
29%
Celestial Plixie
29%
Electricity Poewk
29%
Plant/Earth/Cold/Fire PongPing
29%
Water/Psychic Popette
29%
Plant/Earth/Fire Repatillo
29%
Bone/Light Roarick
29%
Celestial Scaratar
29%
Shugafam Shugabeats
29%
Plant/Cold/Fire Sooza
29%
Cold/Faerie Squot
29%
Werdo Stoowarb
29%
Electricity Thwok
29%
Plant/Fire/Light TooToo
29%
Earth/Fire/Bone Uuduk
29%
Celestial Vhamp
29%
Air/Water/Fire Whaddle
29%
Dreamythical Wheezel
29%
Earth/Water/Bone Withur
29%
Air/Cold/Fire Woolabee
29%
Water/Cold/Fire Wynq
29%
Psychic/Bone Xyster
29%
Air/Plant/Cold/Fire Yelmut
29%
Earth/Cold/Fire Ziggurab
29%
Electricity Astropod
21%
Celestial Blasoom
21%
Electricity Bona-Petite
21%
Shadow/Crystal Boodoo
21%
Dreamythical Cataliszt
21%
Cold/Fire/Faerie Clavi Gnat
21%
Electricity Dermit
21%
Cold/Fire/Light Fiddlement
21%
Psychic/Faerie/Light Frondley
21%
Electricity Gheegur
21%
Celestial Glaishur
21%
Control Hairionette
21%
Faerie/Light Knucklehead
21%
Dreamythical Knurv
21%
Air/Earth/Cold/Fire Krillby
21%
Celestial Loodvigg
21%
Electricity Maulch
21%
Hoax Owlesque
21%
Earth/Bone Peckidna
21%
Water/Fire/Psychic Periscorp
21%
Titansoul Phosphoran Phlox
21%
Dreamythical Pinghound
21%
Fire/Light Pluckbill
21%
Electricity Scargo
21%
Dreamythical shLep
21%
Shugafam Shugabuzz
21%
Shugafam Shugarock
21%
Plasma/Crystal Sox
21%
Dreamythical Sporerow
21%
Plant/Cold/Light Spytrap
21%
Celestial Syncopite
21%
Plant/Water/Psychic Tapricorn
21%
Mech/Crystal/Poison Teeter-Tauter
21%
Celestial Torrt
21%
Air/Earth/Water/Cold/Fire Tuskski
21%
Electricity Tympa
21%
Echos of Eco Viveine
21%
Electricity Zuuker
21%
Shadow/Mech Arackulele
14%
Psychic/Light Cahoot
14%
Earth/Cold/Faerie Cantorell
14%
Titansoul Cruv'laaphtian Crocus
14%
Plasma/Poison Jellbilly
14%
Shadow/Poison Kazilleon
14%
Psychic/Bone/Faerie Larvaluss
14%
Electricity Screemu
14%
No matching quizzes found
Score Distribution
Percent of People with Each Score
Percentile by Number Answered
Your Score History
You have not taken this quiz since the last reset